| 000 | 00799nam a2200217 a 4500 | ||
|---|---|---|---|
| 001 | 0225 | ||
| 005 | 20140414132028.0 | ||
| 008 | 040819s19uu xx 00 eng d | ||
| 020 | _a0-7358-1097-4 | ||
| 050 |
_aTR _bL72 1995 |
||
| 100 | _aRomanelli, Serena | ||
| 245 |
_aLittle Bobo / _cSerena Romanelli ; illustrated by Hans de Beer. |
||
| 260 |
_aNew York : _bNorth-South Books, _c1995. |
||
| 300 | _a1 v.p. : ill. ; cm. | ||
| 520 | _aWhen a strange object falls off a truck passing through the jungle, a bored orangutan discovers that he can make a wonderful sounds with it and in times his family and other jungle animals come to appreciate music well. | ||
| 650 |
_aOrangutan _xFiction. |
||
| 650 |
_aMusic _xFiction. |
||
| 650 |
_aViolin _xFiction. |
||
| 999 |
_c113580 _d113580 |
||